<?xml version="1.0" encoding="UTF-8"?>
<record
    xmlns:xsi="http://www.w3.org/2001/XMLSchema-instance"
    xsi:schemaLocation="http://www.loc.gov/MARC21/slim http://www.loc.gov/standards/marcxml/schema/MARC21slim.xsd"
    xmlns="http://www.loc.gov/MARC21/slim">

  <leader>012610am a22003010004500</leader>
  <controlfield tag="003">EG-GiCUC</controlfield>
  <controlfield tag="008">070222s1996    ua a   g     f000 0 ara d</controlfield>
  <datafield tag="017" ind1=" " ind2=" ">
    <subfield code="a">1996 / 7097</subfield>
    <subfield code="b">&#x645;&#x635;&#x631;.&#x62F;&#x627;&#x631; &#x627;&#x644;&#x643;&#x62A;&#x628;</subfield>
  </datafield>
  <datafield tag="020" ind1=" " ind2=" ">
    <subfield code="a">9775031559</subfield>
  </datafield>
  <datafield tag="040" ind1=" " ind2=" ">
    <subfield code="a">EG-GiCUC</subfield>
    <subfield code="b">ara</subfield>
    <subfield code="c">EG-GiCUC</subfield>
  </datafield>
  <datafield tag="043" ind1=" " ind2=" ">
    <subfield code="a">f-ua---</subfield>
  </datafield>
  <datafield tag="050" ind1=" " ind2="4">
    <subfield code="a">LB2331.43.</subfield>
    <subfield code="b">S25 1996</subfield>
  </datafield>
  <datafield tag="092" ind1="0" ind2="4">
    <subfield code="a">378</subfield>
    <subfield code="b">S1653</subfield>
    <subfield code="2">21</subfield>
  </datafield>
  <datafield tag="099" ind1=" " ind2=" ">
    <subfield code="a">04</subfield>
    <subfield code="a">378 S1653</subfield>
  </datafield>
  <datafield tag="100" ind1="1" ind2=" ">
    <subfield code="a">&#x635;&#x627;&#x644;&#x62D; : &#x633;&#x627;&#x645;&#x64A;&#x629; &#x62E;&#x636;&#x631;</subfield>
  </datafield>
  <datafield tag="245" ind1="1" ind2="2">
    <subfield code="a">&#x627;&#x644;&#x628;&#x639;&#x62F; &#x627;&#x644;&#x633;&#x64A;&#x627;&#x633;&#x649; &#x644;&#x644;&#x62C;&#x627;&#x645;&#x639;&#x629; &#x648; &#x627;&#x644;&#x627;&#x645;&#x646; &#x627;&#x644;&#x628;&#x64A;&#x626;&#x649; : </subfield>
    <subfield code="b">&#x62F;&#x631;&#x627;&#x633;&#x629; &#x641;&#x649; &#x627;&#x644;&#x645;&#x634;&#x627;&#x631;&#x643;&#x629; &#x648;&#x627;&#x62A;&#x62E;&#x627;&#x630; &#x627;&#x644;&#x642;&#x631;&#x627;&#x631; / </subfield>
    <subfield code="c">&#x633;&#x627;&#x645;&#x64A;&#x629; &#x62E;&#x636;&#x631; &#x635;&#x627;&#x644;&#x62D;</subfield>
  </datafield>
  <datafield tag="260" ind1=" " ind2=" ">
    <subfield code="a">&#x627;&#x644;&#x642;&#x627;&#x647;&#x631;&#x629; : </subfield>
    <subfield code="b">&#x627;&#x643;&#x627;&#x62F;&#x64A;&#x645;&#x64A;&#x629; &#x627;&#x644;&#x628;&#x62D;&#x62B; &#x627;&#x644;&#x639;&#x644;&#x645;&#x649; &#x648; &#x627;&#x644;&#x62A;&#x643;&#x646;&#x648;&#x644;&#x648;&#x62C;&#x64A;&#x627; : </subfield>
    <subfield code="c">1996</subfield>
  </datafield>
  <datafield tag="300" ind1=" " ind2=" ">
    <subfield code="a">352&#x635; : </subfield>
    <subfield code="b">&#x627;&#x64A;&#x636; &#x61B; </subfield>
    <subfield code="c">24&#x633;&#x645;</subfield>
  </datafield>
  <datafield tag="504" ind1=" " ind2=" ">
    <subfield code="a">&#x64A;&#x634;&#x62A;&#x645;&#x644; &#x639;&#x644;&#x649; &#x627;&#x631;&#x62C;&#x627;&#x639;&#x627;&#x62A; &#x628;&#x628;&#x644;&#x64A;&#x648;&#x62C;&#x631;&#x627;&#x641;&#x64A;&#x629; (&#x635;307-325)</subfield>
  </datafield>
  <datafield tag="650" ind1=" " ind2="7">
    <subfield code="a">&#x627;&#x644;&#x62C;&#x627;&#x645;&#x639;&#x627;&#x62A; &#x648;&#x627;&#x644;&#x643;&#x644;&#x64A;&#x627;&#x62A; &#x648;&#x627;&#x644;&#x645;&#x62C;&#x62A;&#x645;&#x639;</subfield>
    <subfield code="2">qrmak</subfield>
  </datafield>
  <datafield tag="650" ind1=" " ind2="7">
    <subfield code="a">&#x627;&#x644;&#x62C;&#x627;&#x645;&#x639;&#x627;&#x62A; &#x648;&#x627;&#x644;&#x643;&#x644;&#x64A;&#x627;&#x62A;</subfield>
    <subfield code="2">qrmak</subfield>
  </datafield>
  <datafield tag="650" ind1=" " ind2="7">
    <subfield code="a">&#x627;&#x644;&#x62C;&#x627;&#x645;&#x639;&#x627;&#x62A; &#x648;&#x627;&#x644;&#x643;&#x644;&#x64A;&#x627;&#x62A;</subfield>
    <subfield code="x">&#x62C;&#x648;&#x627;&#x646;&#x628; &#x628;&#x64A;&#x626;&#x64A;&#x629;</subfield>
    <subfield code="z">&#x645;&#x635;&#x631;</subfield>
    <subfield code="2">qrmak</subfield>
  </datafield>
  <datafield tag="650" ind1=" " ind2="7">
    <subfield code="a">&#x627;&#x644;&#x62C;&#x627;&#x645;&#x639;&#x627;&#x62A; &#x648;&#x627;&#x644;&#x643;&#x644;&#x64A;&#x627;&#x62A;</subfield>
    <subfield code="x">&#x62C;&#x648;&#x627;&#x646;&#x628; &#x633;&#x64A;&#x627;&#x633;&#x64A;&#x629;</subfield>
    <subfield code="z">&#x645;&#x635;&#x631;</subfield>
    <subfield code="2">qrmak</subfield>
  </datafield>
  <datafield tag="902" ind1=" " ind2=" ">
    <subfield code="a">2</subfield>
  </datafield>
  <datafield tag="905" ind1=" " ind2=" ">
    <subfield code="a">&#x627;&#x645;&#x644;</subfield>
    <subfield code="e">&#x645;&#x62F;&#x62E;&#x644;</subfield>
  </datafield>
  <datafield tag="905" ind1=" " ind2=" ">
    <subfield code="a">&#x627;&#x64A;&#x645;&#x627;&#x646; &#x639;</subfield>
    <subfield code="e">&#x645;&#x631;&#x627;&#x62C;&#x639;</subfield>
  </datafield>
  <datafield tag="942" ind1=" " ind2=" ">
    <subfield code="2">ddc</subfield>
    <subfield code="c">BK</subfield>
  </datafield>
  <datafield tag="999" ind1=" " ind2=" ">
    <subfield code="c">92580</subfield>
    <subfield code="d">92580</subfield>
  </datafield>
  <datafield tag="952" ind1=" " ind2=" ">
    <subfield code="2">ddc</subfield>
    <subfield code="7">0</subfield>
    <subfield code="a">CUCL</subfield>
    <subfield code="b">cl220</subfield>
    <subfield code="d">2024-02-11</subfield>
    <subfield code="o">378 S1653</subfield>
    <subfield code="p">01000100102140000</subfield>
    <subfield code="r">2023-09-22 00:00:00</subfield>
    <subfield code="t">C.1</subfield>
    <subfield code="y">BK</subfield>
  </datafield>
  <datafield tag="952" ind1=" " ind2=" ">
    <subfield code="2">ddc</subfield>
    <subfield code="7">0</subfield>
    <subfield code="a">CUCL</subfield>
    <subfield code="b">cl220</subfield>
    <subfield code="d">2024-02-11</subfield>
    <subfield code="o">378 S1653</subfield>
    <subfield code="p">01000100102141000</subfield>
    <subfield code="r">2023-09-22 00:00:00</subfield>
    <subfield code="t">C.2</subfield>
    <subfield code="y">BK</subfield>
  </datafield>
</record>
